Kanye West Songs by Synonyms - Statistics

General Stats
  • This quiz has been taken 59 times
  • The average score is 11 of 20
Answer Stats
Hint Answer % Correct
Prison Jail
91%
Satan in a Fresh Gown Devil in a New Dress
86%
Winner Champion
79%
Flickering Bulbs Flashing Lights
77%
Abandoned Village Ghost Town
77%
Christ Strides Jesus Walks
74%
Everything Plummets All Falls Down
72%
More Powerful Stronger
65%
Grasp the Air Touch the Sky
65%
Beautiful Gorgeous
63%
True Companions Real Friends
63%
Modern Indentured Servants New Slaves
56%
Town in the Air Sky City
44%
Totally Horrified So Appalled
40%
Trust My Words Believe What I Say
35%
Set Alight Burn
35%
Don't Disappoint Me Never Let Me Down
33%
All We Require Everything We Need
30%
Actual Relationship True Love
21%
Need to Acquire That Gotta Have It
19%
No matching quizzes found
Score Distribution
Percent of People with Each Score
Percentile by Number Answered
Your Score History
You have not taken this quiz